000 00779nam a22001337a 4500
040 _cRUA
082 _aLMA OUC 2015 B529 Or.1
100 _aOUCH CHHANG; អ៊ូច ឆាង
245 _aStudy on challenging of indegenous people community land registretion at okaok village, okreang commune, sambo district, kratie province; សិក្សាអំពីបញ្ហាប្រឈមចំពោះការចុះបញ្ជីដីធ្លីរបស់សហគមន៏ជនជាតិដើមភាគតិចនៅភូមិអូរកក់ ឃុំអូរគ្រៀង ស្រុកសំបូរ ខេត្តក្រចេះ
260 _aPHNOM PENH
_bOUC
_c2015
300 _ax;45p.
_bill.
_c29cm.
856 _uOUCH CHHANG
942 _cLMA
999 _c10816
_d10816